| 000 | 01178nam a22003497a 4500 | ||
|---|---|---|---|
| 003 | DO-SdBPM | ||
| 005 | 20250820094201.0 | ||
| 008 | 0607211995 cl ac spa | ||
| 017 |
_a _b |
||
| 020 | _a | ||
| 035 | _a | ||
| 040 |
_aDO-SdBPM _bspa _cBPMSU _erda |
||
| 082 | 4 |
_a759.4 _bL389g 1995 _222 |
|
| 100 | 1 |
_aToulouse-Lautrec, Henri de, _d1864-1901. _eautor |
|
| 245 | 1 | 0 |
_aGrandes maestros de la pintura / _c Henri de Toulouse-Lautrec ; traducción Constanza Malavert _b _h |
| 260 |
_e _f |
||
| 264 |
_aColombia : _b Editoriales Fabbri, _c1995 |
||
| 300 |
_avarias paginaciones : _bilustraciones, retrato ; _c26 cm. |
||
| 336 |
_atexto _btxt _2rdacontent |
||
| 337 |
_asin mediación _bn _2rdamedia |
||
| 338 |
_avolumen _bnc _2rdacarrier |
||
| 504 | _a | ||
| 590 | _aInventariado, 2025/VM | ||
| 590 | _6Inventariado, 2025/VM | ||
| 600 | 1 | 4 |
_aToulouse-Lautrec, Henri de, _d1864-1901 _xTrabajos pictóricos |
| 650 | 7 |
_aPintura francesa. _vCatálogos _x |
|
| 650 | 7 |
_aPintura de retratos _vCatalogo _zFrancia |
|
| 700 | 1 |
_a Malavert, Constanza _etraductora |
|
| 910 | _a VMateo V. Control de calidad. BPMSU | ||
| 942 |
_2ddc _cBK |
||
| 980 |
_a _a _b _j _c |
||
| 999 |
_c15341 _d15341 |
||